Liberalizace bez iluzí

Liberalizácia trhu s elektrinou a opatrenia v oblasti cien a cenovej regulácie. Cena a zmluvné podmienky medzi dodávateľom elektriny a oprávneným zákazníkom. Zmeny v obchodnej politike trhu s elektrinou a zmeny v legislatíve.

Gespeichert in:
Bibliographische Detailangaben
1. Verfasser: Petráňová, Ludmila
Weitere Verfasser: Schmidt, Erik
Format: Buchkapitel
Sprache:Tschechisch
Schlagworte:
Tags: Tag hinzufügen
Keine Tags, Fügen Sie das erste Tag hinzu!

MARC

LEADER 00000naa a2200000 4500
001 r032129
005 20230920094701.7
041 0 |a cze 
044 |a CZ 
245 1 0 |a Liberalizace bez iluzí  |c Ludmila Petráňová, Erik Schmidt 
520 |a Liberalizácia trhu s elektrinou a opatrenia v oblasti cien a cenovej regulácie. Cena a zmluvné podmienky medzi dodávateľom elektriny a oprávneným zákazníkom. Zmeny v obchodnej politike trhu s elektrinou a zmeny v legislatíve. 
610 2 0 |a elektrina 
610 2 0 |a trh 
610 2 0 |a liberalizácia 
610 2 0 |a riadenie 
610 2 0 |a tarify 
610 2 0 |a vzťahy zmluvné 
610 2 0 |a legislatíva 
610 2 0 |a dodávatelia 
610 2 0 |a zákazníci 
610 2 0 |a ceny 
610 2 0 |a konkurencia 
100 1 |a Petráňová, Ludmila 
700 1 |a Schmidt, Erik